000 03854cam a22004338i 4500
001 21789575
003 NUST
005 20221018153713.0
006 m |o d |
007 cr |||||||||||
008 201028s2021 mau of 001 0 eng
010 _a 2020047845
020 _a9781647820459
_q(ebook)
020 _z9781647820442
_q(hardcover)
038 _aAzhar
040 _aDLC
_beng
_cDLC
_erda
042 _apcc
050 0 0 _aHF5549.5.C35
082 0 0 _a650.1
_223
_bGOR
100 1 _aNg, Gorick,
_eauthor.
_9100681
245 1 4 _aThe unspoken rules :
_bsecrets to starting your career off right /
_cGorick Ng.
260 _aBoston, MA :
_bHarvard Business Review Press,
_c2021
263 _a2104
300 _a261p
336 _atext
_btxt
_2rdacontent
337 _acomputer
_bc
_2rdamedia
338 _aonline resource
_bcr
_2rdacarrier
500 _aIncludes index.
505 0 _aThe unspoken rules -- The three C's -- Secrets to getting started: Think, "let's give this a shot!" -- Show up like a high performer -- Be proactive -- Secrets to shaping others' perceptions: Know how to tell your story -- Manage your appearance -- Send the right signals -- Secrets to getting the job done: Take ownership -- Manage your workload -- Secrets to getting along with everyone: Read between the people -- Spark relationships -- Secrets to getting ahead: Master meetings -- Manage feedback -- Resolve your conflicts -- Show your potential -- Afterword: Pay it forward.
520 _a"What will separate you from the rest early in your career? The ability to take ownership, manage expectations, navigate people dynamics, and communicate professionally-skills that school doesn't teach. Most career guides assume that you already know how the working world works. But if you're starting your very first job or taking a job in a new company, you might not know all the unspoken rules that determine who gets ahead and who doesn't. In The Unspoken Rules, you'll learn the basic workplace skills necessary for success. From the author: "Why didn't anyone ever tell me this?! I've lost count of the number of times I've asked myself this question. As the son of a single mother who dropped out of school at the age of twelve to work in a sewing-machine factory, I missed the lesson on the unspoken rules of the professional workplace. Instead, I learned my lesson the hard way-through trial and error. Now I'm on a mission to discover and decode the unspoken rules of work and share them with others. Over the last four years, I've interviewed over five hundred interns, early career professionals, managers, and executives, from HR to finance, law firms to tech companies, across the globe. My conversations revolved around three key topics: What are the most common mistakes early-career professionals make at work? What would you do differently if you could relive your first years on the job? What do you think separates top performers from mediocre ones? After testing the advice I gathered from these hundreds of interviews, I started coaching other early-career professionals. Now I'm distilling everything I've learned into a step-by-step guide called The Unspoken Rules. We all have what it takes to be a top performer. It begins with mastering the unspoken rules.""--
_cProvided by publisher.
563 _aHB
588 _aDescription based on print version record and CIP data provided by publisher; resource not viewed.
650 0 _aCareer development
_vHandbooks, manuals, etc.
_9100682
650 0 _aSuccess in business
_vHandbooks, manuals, etc.
_9100683
776 0 8 _iPrint version:
_aNg, Gorick.
_tThe unspoken rules
_dBoston, MA : Harvard Business Review Press, [2021]
_z9781647820442
_w(DLC) 2020047844
906 _a7
_bcbc
_corignew
_d1
_eecip
_f20
_gy-gencatlg
942 _2ddc
_cLC
999 _c591901
_d591901